| 000 | 01651nam a22002897a 4500 | ||
|---|---|---|---|
| 001 | BRCA_9350 | ||
| 003 | FranzMayer | ||
| 005 | 20230913114703.0 | ||
| 008 | 230908b |||||||| |||| 00| 0 eng d | ||
| 040 |
_aMFM _bESPAÑOL _cMFM |
||
| 050 | 0 |
_aN6465.A28 _bR45 2021 |
|
| 110 | 1 |
_4Responsable _aReial Academia Catalana d Belles Arts d Sant Jordi _929748 |
|
| 240 |
_aEl secreter de Josep Francesc de Caramany _hDiscurs d'ingrés de lácademica electa Illma. Sra. Dra. Mónica Piera Miquel, llegit a la sala d'actes de l'Academia, el 15 de setembre de 2021. Discurs de contesta de l'academica numeraria IIlma. Sra. Dra. Pilar Vélez. Barcelona, 2021 _lCatalán |
||
| 245 | 0 |
_aEl secreter de Josep Francesc de Caramany _bDiscurs d'ingrés de lácademica electa Illma. Sra. Dra. Mónica Piera Miquel, llegit a la sala d'actes de l'Academia, el 15 de setembre de 2021. Discurs de contesta de l'academica numeraria IIlma. Sra. Dra. Pilar Vélez. Barcelona, 2021 |
|
| 260 |
_aCataluña, España _bReial Academia Catalana d Belles Arts d Sant Jordi _c2021 |
||
| 300 |
_a31 p _c23 cm |
||
| 500 | _aIncluye una dedicatoria a la biblioteca del museo Franz Mayer en la primer hoja | ||
| 500 | _aL60/N6 | ||
| 505 | _aTexto en: CatalánDirigido a: estudiantes y profesores de arte | ||
| 650 | 1 |
_2Artes visuales _aEscuelas de arte _vAcademias en España _929749 |
|
| 651 | 2 |
_2Reial Academia Catalana d Belles Arts d Sant Jordi _aSant Jordi _vJosep Francesc de Caramary _929750 |
|
| 700 | 1 |
_4Texto _aPiera Miquel, Mónica _929751 |
|
| 700 | 1 |
_4Disc _aVélez, Pilar _929752 |
|
| 700 | 1 |
_4Foto _aGrau Sola, Ester _929753 |
|
| 856 | _3www.racba.org | ||
| 942 |
_2lcc _cB |
||
| 999 |
_c11062 _d11062 |
||